000 00312 a2200157 4500
001 165170
020 _a
040 _cMagnum
100 _aFoucault, Michel
240 1 0 _aA ordem do discurso
_lpor
245 1 0 _aA ordem do discurso
362 0 _a1899
440 1 _aLoyola
697 _aGERAL
942 _cBK
999 _c165170
_d165170